000 01567nam a2200409Ia 4500
001 dia_2463
003 CHAP
005 20250507130234.0
007 ta
008 220117s2003 mx bdeofr 001 0 spa d
040 _cCHAP
_amxchpua
090 _aT.C.352
_bL49 EIUPA
_c2003
245 1 0 _aEmpacadora del Noroeste, S. A. de C. V. /
_ccoordinador Gabriel Leyva Ruelas ; colaboradores Myriam Díaz Noriega...[et al.]
260 _aMéxico :
_bEl autor,
_c2003
300 _a59 hojas :
_bmapas, gráficas, diagramas, tablas, fotos, planos
336 _2rdacontent
_atexto
_btxt
337 _2rdamedia
_asin medio
_bn
338 _2rdacarrier
_avolumen
_bnc
502 _aViaje de Estudios
_b(EIUPA) --
_cUACh. Departamento de Ingeniería Agroindustrial,
_d2003
504 _aBibliografía: hoja 59
505 _a3 planos -- 1. Plano de distribución de áreas (Esc. 1:350) -- 2. Diagrama de distribución de áreas -- 3. Diagrama de flujo proceso de enlatado de maíz dulce
650 1 3 _aEnlatado
_9147768
650 1 3 _aEnvasado de alimentos
_9147758
650 1 3 _aIndustria conservera
_xMéxico
_xSonora
_9152933
650 1 3 _aCanning
_9147767
650 1 3 _aCanning industry
_9152932
650 1 3 _aFood packing
_9148074
700 1 _aLeyva Ruelas, Gabriel
_9152794
_ecoordinador
700 1 _aDíaz Noriega, Myriam
_ecolaboradora
_933577
901 _aT.C.352 L49 EIUPA 2003
902 _aM
905 _a5232272003 mx edmb8223123322spa16
942 _2local
942 _cVE
999 _c172986
_d172986